| 000 | 00430nam a2200157Ia 4500 | ||
|---|---|---|---|
| 003 | LK-CoDNM | ||
| 008 | 010623t2003 xxu||||| |||| 00| 1 eng d | ||
| 040 |
_aLK-CoDNM _dLK-CoDNM _eLK-CoDNM |
||
| 041 | _aeng | ||
| 080 | _aX 32 | ||
| 100 | _aSriskandarajah,Dhananjayan | ||
| 245 | _aThe Returns Of Peace In Sri Lanka | ||
| 260 |
_bIntrenational Centre For Ethnic Studies _aColombo _c2003 |
||
| 300 | _b26p.;22 cm cm | ||
| 942 | _cBK | ||
| 999 |
_c122643 _d122643 |
||